000 01279nam a2200229Ia 4500
003 Ost
005 20260507074957.0
008 260507s9999||||xx |||||||||||||| ||und||
040 _cfsecg
041 _aara
082 _a301.14
100 _aهاتيرسللي، ميشل.اي
_eمؤلف
245 0 _aالاتصال والاتصال الاداري :
_bالمبادئ والممارسة (القسم الاول) /
_c ميشل.اي هاتيرسللي
260 _aدمشق:
_bدار الرضا للنشر,
_c2000
300 _a300 صفحة؛
_bإيضاحات ؛
_c24 سم
490 _aسلسلة الرضا للمعلومات
_v81
520 _aمدخل عام للإتصال،أنواع الاتصال،قواعد الاتصال الفعال،عملية تخطيط برامج الاتصال،مزايا وسائل الإعلام المختلفة وعيوبها،الاتصال الاداري،تحليل الجمهور،الوضع والأولويات الاقتصادية،الرسالة:المضمون والمحاجة،البناء،اختيار وسائط الاتصال،الأسلوب والنبرة
653 _aالاتصال
653 _aالاتصالات الادارية
700 _aماكجينت، ليندا
_eمؤلف ثانوي
942 _cكتاب
999 _c42037
_d42037